01206nam a2200289 a 450000100100000000500170001000800410002704000250006804100380009308200150013124000670014624501310021326000660034430000280041050000210043850000320045950000470049153400770053865000290061565000240064470000300066870000280069870000510072604900090077795201130078699900170089900002596220240508203146.0110217s1973 mx a r 000 | spa d aDO-SdBNPbspacBNPHU aspaheng2Código de idioma MARC a020bT255b 0aThe library, an introduction for library assistantslEspañol10aTécnicas del bibliotecario /ccompilación William C. Petru, Martha W. West ; tradución Orlando Espinosa de los Monteros. aMéxico, D. F. :bCentro Regional de Ayuda Técnica,c1973. a126 p. :bil. ;c23 cm. aIncluye glosario aBibliografía : p. 120-121 aIncluye índice alfabético : p. 123-126 aTítulo original :tThe library, an introduction for library assistants 4aBibliotecología952843 0aTecnología9258211 aPetru, William C.,9528441 aWest, Martha W.,9528451 aEspinosa de los Monteros, Orlando,etr.952846 aBNGR 001050718MOaGRbGRcCTd2011-02-24iLF1l0o020 T255bp25962-10r2020-06-25w2020-06-25y1ZNo se presta c25454d25454